Iafisher Most Guessed U.S. Cities - Statistics

General Stats
  • This quiz has been taken 54 times
  • The average score is 40 of 50
Answer Stats
Percentage Answer % Correct
74.3 Miami, FL
98%
83.8 New York, NY
98%
72.3 San Francisco, CA
98%
69.8 Boston, MA
95%
74.6 Chicago, IL
95%
71.1 Houston, TX
95%
79.3 Los Angeles, CA
95%
70.9 Dallas, TX
93%
65.7 Detroit, MI
93%
63.4 Philadelphia, PA
93%
65.7 San Diego, CA
93%
66.7 Washington, DC
93%
66.6 Atlanta, GA
90%
46.1 San Jose, CA
90%
71.7 Seattle, WA
90%
72.3 Las Vegas, NV
88%
65.5 Portland, OR
88%
55.2 San Antonio, TX
88%
64.3 Austin, TX
86%
49.5 Cleveland, OH
86%
49.6 Columbus, OH
86%
54.9 Indianapolis, IN
86%
44.0 Jackson, MS
86%
64.7 Phoenix, AZ
86%
65.1 Denver, CO
83%
54.8 Minneapolis, MN
83%
55.4 Nashville, TN
83%
54.7 Oklahoma City, OK
83%
57.6 Orlando, FL
83%
50.0 Tampa, FL
83%
49.3 Baltimore, MD
81%
52.3 Jacksonville, FL
81%
58.2 Kansas City, MO
81%
45.9 Memphis, TN
81%
64.2 New Orleans, LA
81%
49.6 St. Louis, MO
79%
45.1 Charlotte, NC
76%
46.7 Albuquerque, NM
74%
61.3 Salt Lake City, UT
74%
48.1 Buffalo, NY
71%
58.6 Honolulu, HI
69%
45.1 Milwaukee, WI
69%
49.4 Pittsburgh, PA
69%
49.2 El Paso, TX
67%
56.2 Sacramento, CA
67%
50.9 Anchorage, AK
64%
48.8 Boise, ID
52%
49.0 Albany, NY
45%
44.3 Tallahassee, FL
38%
55.8 Topeka, KS
21%
No matching quizzes found
Score Distribution
Percent of People with Each Score
Percentile by Number Answered
Your Score History
You have not taken this quiz